000 01948nam0a2200349 4500
001 RU\NLR\bibl\1414466
005 20260405124401.0
010 _a978-5-8265-0789-6
_9100
021 _aRU
_b2009-55870
_93443
035 _a(NLR Aleph) 001406437
090 _a1254966
_c1254966
100 _a20090918d2009 |||y0rusy50 ca
101 0 _arus
102 _aRU
105 _ay |||||||||
200 1 _aЭкономика машиностроения
_eучебное пособие для студентов 3 курса, обучающихся по специальности 080502 "Экономика и управление на предприятии (по отраслям)" и направления 080500 "Менеджмент" (для бакалавров и специалистов) всех форм обучения
_fВ.Д. Жариков, Р.В. Жариков, Е.Б. Попова
_gМ-во образования и науки Рос. Федерации, ГОУ ВПО "Тамбов. гос. техн. ун-т"
210 _aТамбов
_cИзд-во ТГТУ
_d2009
215 _a78, [1] с.
_d21
320 _aБиблиогр.: с. 78 (12 назв.)
606 1 _aМашиностроительная промышленность
_jУчебные издания для высших учебных заведений
_xЭкономика
_yРоссийская Федерация
_92351125
_3RU\NLR\auth\661404626
686 _aУ30(2)585.1я73
686 _aУ30(2)585.1(2Р-4Т)я73
700 1 _4070
_8rus
_7ca
_aЖариков
_bВ. Д.
_f1941-
_gВиктор Данилович
_3RU\NLR\auth\7749846
_932781
701 1 _aЖариков
_bР. В
_gРоман Викторович
_4070
701 1 _aПопова
_bЕ. Б
_gЕкатерина Борисовна
_4070
801 0 _aRU
_bNLR
_c20090918
_gRCR
801 1 _aRU
_bNLR
_c20090918
830 _aпо кн.
942 _cBOOK
980 _aNB
980 _aNBR